000 00545nam a2200193Ia 4500
003 OSt
005 20250428112557.0
008 210210b1983 xxu||||| |||| 00| 0 eng d
040 _cAL
041 _aKannada
082 _aK894.3 RUDA
100 _aRUDRAMURTI SHASTRI (Su).
_dರುದ್ರಮೂರ್ತಿ ಶಾಸ್ತ್ರೀ (ಸು)
_9208966
245 _aAshoka.
_bಅಶೋಕ
260 _aBengaluru
_bPradipa Prakashana
_c1983
300 _avi,284
690 _aKannada Fiction
_9208967
906 _aSG02051
942 _2ddc
_cBK
999 _c113227
_d113227